[Event "Challenge"]
[Site "http://www.queenalice.com/game.php?id=228122"]
[Date "2007.6.20"]
[Round "-"]
[White "Aaron_tan"]
[Black "crisvolei"]
[Result "0-1"]
[WhiteElo "1514"]
[BlackElo "1234"]

1. e4 e5 2. Nf3 Bc5 3. Bc4 d6 4. O-O a5 5. Nc3 Ne7 6. d3 Nd7 7. Bg5 Nb6 8. Bxe7
Qxe7 9. b3 Bb4 10. Ne2 Bg4 11. Ng3 Bxf3 0-1

[Event "Challenge"]
[Site "http://www.queenalice.com/game.php?id=228123"]
[Date "2007.6.20"]
[Round "-"]
[White "Aaron_tan"]
[Black "zechariahsl"]
[Result "1-0"]
[WhiteElo "1582"]
[BlackElo "1618"]

1. e4 c5 2. Nc3 d6 3. g3 Nc6 4. Bg2 g6 5. f4 Bg7 6. Nge2 Nf6 7. O-O Qb6 8. Kh1
h5 9. d3 a6 10. Rb1 h4 11. Be3 Bd7 12. Nd5 Qd8 13. c3 Nxd5 14. exd5 Nb8 15. Qd2
hxg3 16. Nxg3 Qc8 17. Qf2 Bh3 18. Rfe1 e5 19. d4 cxd4 20. cxd4 Kf8 21. dxe5 dxe5
22. fxe5 Bxe5 23. Bd2 Bxg3 24. Qxg3 Bxg2+ 25. Kxg2 Nd7 26. Rf1 Qc2 27. Qf4 Nf6
28. Rbc1 Qxb2 29. Rcd1 Kg7 30. Rb1 Qc2 31. Qxf6+ Kh7 32. Qxf7# 1-0

[Event "AUTO-INT-496"]
[Site "http://www.queenalice.com/game.php?id=228137"]
[Date "2007.6.20"]
[Round "1"]
[White "Aaron_tan"]
[Black "joaoreis001"]
[Result "1-0"]
[WhiteElo "1514"]
[BlackElo "1606"]

1. e4 e5 2. Nf3 Nc6 3. Bc4 h6 4. d3 Nf6 5. Nc3 Bb4 6. Bd2 O-O 7. O-O a6 8. a3
Bc5 9. b4 Bd4 10. Rb1 b5 11. Bb3 Bb6 12. Ne2 Ng4 13. Ng3 g6 14. h3 1-0

[Event "AUTO-INT-496"]
[Site "http://www.queenalice.com/game.php?id=228152"]
[Date "2007.6.20"]
[Round "1"]
[White "Aaron_tan"]
[Black "lferreira"]
[Result "1-0"]
[WhiteElo "1548"]
[BlackElo "1468"]

1. e4 e5 2. Nf3 Nc6 3. Bc4 Nf6 4. Nc3 Bb4 5. O-O Bxc3 6. bxc3 Nxe4 7. Re1 Nd6 8.
Bb3 Qf6 9. d4 e4 10. Ng5 O-O 11. Nxe4 Qg6 12. Ng3 Nf5 13. Bf4 d6 14. Bc4 Bd7 15.
Bd3 Rfe8 16. Rf1 Nce7 17. Qf3 b6 18. Nxf5 Bxf5 19. Bxf5 1-0

[Event "AUTO-INT-496"]
[Site "http://www.queenalice.com/game.php?id=228153"]
[Date "2007.6.20"]
[Round "1"]
[White "lferreira"]
[Black "Aaron_tan"]
[Result "0-1"]
[WhiteElo "1482"]
[BlackElo "1534"]

1. c4 d6 2. Nc3 Nf6 3. d4 g6 4. Nf3 Bg7 5. e4 O-O 6. Bg5 Nbd7 7. e5 dxe5 8. dxe5
Ne8 9. Qd2 c6 10. Be2 b6 11. O-O Bb7 12. Rad1 f6 13. exf6 Nexf6 14. Bxf6 Nxf6
15. Ng5 Qxd2 16. Rxd2 Nh5 17. Bxh5 gxh5 18. Ne6 Rf6 19. Nxg7 Kxg7 20. Rd7 Bc8
0-1

[Event "Challenge"]
[Site "http://www.queenalice.com/game.php?id=228179"]
[Date "2007.6.20"]
[Round "-"]
[White "Aaron_tan"]
[Black "zechariahsl"]
[Result "1-0"]
[WhiteElo "1565"]
[BlackElo "1639"]

1. e4 c5 2. Nc3 e6 3. g3 Nc6 4. Bg2 d6 5. Nge2 Nf6 6. h3 Be7 7. O-O a6 8. f4 Qb6
9. Kh1 Bd7 10. d3 Rc8 11. g4 h5 12. g5 Ng4 13. hxg4 hxg4+ 14. Kg1 c4+ 15. d4 e5
16. Be3 exd4 17. Bxd4 Nxd4 18. Qxd4 Qxd4+ 19. Nxd4 f6 20. gxf6 Bxf6 21. Rad1 Rh7
22. Rfe1 Kf7 23. e5 dxe5 24. fxe5 Bh4 25. Rf1+ Kg8 26. e6 Bc6 27. Nf5 Bxg2 28.
Kxg2 Bf6 29. e7 Kf7 30. Nd6+ 1-0

[Event "Challenge"]
[Site "http://www.queenalice.com/game.php?id=239978"]
[Date "2007.7.14"]
[Round "-"]
[White "changchnps"]
[Black "Aaron_tan"]
[Result "1-0"]
[WhiteElo "1854"]
[BlackElo "1535"]

1. f4 e6 2. Nf3 Nc6 3. e3 d5 4. Be2 Nf6 5. O-O g6 6. b3 Bg7 7. Bb2 O-O 8. c4 Re8
9. Ne5 Ne7 10. Nc3 b6 11. d3 Bb7 12. cxd5 Nexd5 13. Nxd5 Nxd5 14. Qd2 c5 15. a3
f6 16. Nf3 Qd6 17. Rac1 Rac8 18. g3 Ne7 19. e4 e5 20. fxe5 fxe5 21. Nh4 Rf8 22.
Qg5 Bf6 23. Qh6 Bg7 24. Qg5 Qe6 25. Bg4 Qd6 26. Bxc8 Bxc8 27. Rxf8+ Kxf8 28.
Rf1+ Kg8 29. Qe3 Be6 30. d4 cxd4 31. Qd3 Bf7 32. b4 Nc6 33. Nf3 Ne7 34. Ng5 Bf6
35. Nxf7 Kxf7 36. h4 Kg7 37. Rc1 Qd7 38. Qc4 Qg4 39. Qd3 Bxh4 40. Kg2 h5 41. Qf3
Qg5 42. Kh3 Bxg3 43. Qxg3 Qf6 44. Kg2 g5 45. Rf1 Qg6 46. Qxe5+ Kh6 47. Rf6 Kh7
48. Qxe7+ 1-0

[Event "Challenge"]
[Site "http://www.queenalice.com/game.php?id=275689"]
[Date "2007.9.22"]
[Round "-"]
[White "Bryan_tan"]
[Black "Aaron_tan"]
[Result "1/2-1/2"]
[WhiteElo "1618"]
[BlackElo "1532"]

1. c4 d6 2. Nc3 g6 3. g3 Bg7 4. Bg2 Nf6 5. Nf3 Nc6 6. a3 O-O 7. O-O e5 8. Qc2
Be6 9. b3 Qd7 10. e3 a6 11. Bb2 Rab8 12. Rad1 Rfe8 13. d4 e4 14. Nxe4 Bh3 15.
Nxf6+ Bxf6 16. Rfe1 Rxe3 17. Bxh3 Rxf3 18. Qxg6+ fxg6 19. Bxd7 Rxf2 20. Be6+ Kg7
21. Kxf2 Bxd4+ 22. Kg2 Bxb2 23. a4 Be5 24. Rxe5 Nxe5 25. Bd5 1/2-1/2

[Event "Challenge"]
[Site "http://www.queenalice.com/game.php?id=282499"]
[Date "2007.10.7"]
[Round "-"]
[White "Aaron_tan"]
[Black "rdaigle2003"]
[Result "0-1"]
[WhiteElo "1557"]
[BlackElo "1606"]

1. e4 e5 2. Nf3 Nc6 3. Bc4 Nf6 4. Nc3 Bb4 5. d3 Bxc3+ 6. bxc3 Na5 7. Nxe5 Rf8 8.
Bg5 h6 9. Be3 d5 10. exd5 Nxc4 11. dxc4 Qd6 12. Nf3 Bg4 13. O-O O-O-O 14. a4 a5
15. Rb1 b6 16. Qe2 Rfe8 17. Qd1 Ne4 18. Qd3 Bxf3 19. gxf3 Re5 20. fxe4 Rh5 21.
f4 Qg6+ 22. Kf2 Rxh2+ 23. Ke1 Qg2 24. Bf2 Rh1 25. Kd2 h5 0-1

[Event "AUTO-OPEN-857"]
[Site "http://www.queenalice.com/game.php?id=282701"]
[Date "2007.10.8"]
[Round "1"]
[White "janosik"]
[Black "Aaron_tan"]
[Result "1-0"]
[WhiteElo "2017"]
[BlackElo "1584"]

1. e4 c5 2. d4 cxd4 3. Nf3 Nc6 4. Bc4 e6 5. Nxd4 Nxd4 6. Qxd4 Nf6 7. Nc3 a6 8.
O-O b5 9. Bd3 Bb7 10. Bg5 Be7 11. Rad1 Bc6 12. Rfe1 O-O 13. h3 h6 14. Bc1 Qc7
15. Qe3 Rad8 16. e5 Nh7 17. Qg3 Kh8 18. Ne4 f6 19. Qg6 f5 20. Ng3 Bd5 21. Nxf5
1-0

[Event "AUTO-OPEN-857"]
[Site "http://www.queenalice.com/game.php?id=282702"]
[Date "2007.10.8"]
[Round "1"]
[White "Aaron_tan"]
[Black "janosik"]
[Result "0-1"]
[WhiteElo "1599"]
[BlackElo "1909"]

1. e4 e5 2. Nf3 Nc6 3. Bc4 Nf6 4. Nc3 Nxe4 5. Bxf7+ Kxf7 6. Nxe4 d5 7. Ng3 e4 8.
Ng1 Bd6 9. N1e2 Rf8 10. d3 Qe8 11. O-O Kg8 12. dxe4 dxe4 13. Qd5+ Kh8 14. Qxe4
Qf7 15. Be3 Be6 16. b3 Rae8 17. Qd3 Ne5 18. Qd2 Ng4 19. Rac1 Nxe3 20. fxe3 Qg6
21. Nf4 Bxf4 22. exf4 Rd8 23. Qe3 b6 24. Qe5 Rd5 25. Qxc7 Qg4 26. Qe7 Rfd8 27.
Rce1 Bg8 0-1

[Event "AUTO-OPEN-857"]
[Site "http://www.queenalice.com/game.php?id=282725"]
[Date "2007.10.8"]
[Round "1"]
[White "Aaron_tan"]
[Black "luizpessoa"]
[Result "0-1"]
[WhiteElo "1568"]
[BlackElo "1683"]

1. e4 c5 2. Nc3 Nc6 3. g3 Nf6 4. Bg2 e5 5. d3 d6 6. Nf3 Bg4 7. O-O Qd7 8. Bg5
Be7 9. Bxf6 Bxf6 10. Nd5 O-O-O 11. c3 Be6 12. Rc1 Bxd5 13. exd5 Ne7 14. c4 Nf5
15. a3 h6 16. b4 cxb4 17. axb4 Bg5 18. Rc3 Kb8 19. c5 Nd4 20. Nxd4 exd4 21. Rc4
dxc5 22. Rxc5 Rc8 23. Rc4 Bf6 24. Qb3 Rxc4 0-1

[Event "AUTO-OPEN-857"]
[Site "http://www.queenalice.com/game.php?id=282726"]
[Date "2007.10.8"]
[Round "1"]
[White "luizpessoa"]
[Black "Aaron_tan"]
[Result "1-0"]
[WhiteElo "1671"]
[BlackElo "1580"]

1. c4 d6 2. h3 g6 3. d4 Bg7 4. Nf3 Nf6 5. e3 O-O 6. Bd3 Nc6 7. a3 Bd7 8. d5 Ne5
9. Nxe5 dxe5 10. e4 c6 11. Be3 Qc7 12. g4 Ne8 13. Nc3 f6 14. Qd2 a6 15. Na4 Rb8
16. b3 Nd6 17. c5 Ne8 18. Bc4 Kh8 19. Bh6 f5 20. Bxg7+ Nxg7 21. exf5 gxf5 22. g5
f4 23. h4 Bf5 24. h5 e4 25. h6 1-0

[Event "Challenge"]
[Site "http://www.queenalice.com/game.php?id=286846"]
[Date "2007.10.15"]
[Round "-"]
[White "Aaron_tan"]
[Black "loh335"]
[Result "0-1"]
[WhiteElo "1595"]
[BlackElo "1609"]

1. e4 e5 2. Nf3 Nf6 3. Nc3 Nc6 4. Bc4 Bb4 5. a3 Bxc3 6. bxc3 Nxe4 7. Nxe5 Nxe5
8. Qe2 d5 9. Bb3 Bf5 10. d3 Nf6 11. Qxe5+ Be6 12. Bf4 c6 13. O-O O-O 14. Bg5 Nd7
15. Bxd8 Nxe5 16. Bh4 c5 17. Rae1 Ng6 18. Bg3 c4 19. Ba2 Rac8 20. f4 Bf5 21. Re3
b5 22. Rc1 Rfe8 23. Rxe8+ Rxe8 24. dxc4 dxc4 25. a4 a6 0-1

[Event "Challenge"]
[Site "http://www.queenalice.com/game.php?id=324362"]
[Date "2007.12.22"]
[Round "-"]
[White "Aaron_tan"]
[Black "changchnps"]
[Result "0-1"]
[WhiteElo "1532"]
[BlackElo "1848"]

1. e4 d6 2. d4 Nf6 3. Nc3 g6 4. g3 Bg7 5. Bg2 O-O 6. f4 Nbd7 7. Nge2 c5 8. d5 a6
9. O-O Qa5 10. Bd2 Qb4 0-1